[Event "CZE-chTW U20 1314"]
[Site "Czech Republic"]
[Date "2013.10.12"]
[Round "2.5"]
[White "Pech, David"]
[Black "Filip, Vojtech"]
[Result "0-1"]
[WhiteElo "1525"]
[BlackElo "1864"]
[PlyCount "42"]
[EventDate "2013.10.12"]
[EventType "team-tourn"]
[EventRounds "11"]
[EventCountry "CZE"]
[SourceTitle "EXT 2015"]
[Source "ChessBase"]
[SourceDate "2014.11.20"]
[SourceVersion "1"]
[SourceVersionDate "2014.11.20"]
[SourceQuality "1"]
[WhiteTeam "Udlice (U20)"]
[BlackTeam "Vlasim (U20)"]
[WhiteTeamCountry "CZE"]
[BlackTeamCountry "CZE"]

1. d4 d5 2. c4 e6 3. Nc3 Nf6 4. Bg5 Nbd7 5. Nf3 c6 6. e3 Bd6 7. cxd5 exd5 8. Bd3 0-0 9. 0-0 Re8 10. Qc2 Nf8 11. Rac1 Bg4 12. Bxf6 Qxf6 13. Be2 Re6 14. Rfd1 Qh6 15. Qb3 Bxf3 16. Bxf3 Qxh2+ 17. Kf1 Ng6 18. Nxd5 cxd5 19. Qxb7 Rae8 20. Rc3 Nf4 21. g3 Nh3 0-1